Estadísticas para Estados Aleatorios de México en un Mapa

Haz click aquí para intentar la prueba.

Estadísticas generales

  • Esta prueba ha sido intentada 1.777 veces
  • La puntuación promedio es 8 de 10

Respuestas en el mapa

Las respuestas están codificadas por una escala verde-roja en el mapa de la prueba según el % correcto abajo.
 

Estadísticas de respuestas

Estado% Correcto
Baja California
99%
Baja California Sur
92%
Chihuahua
91%
Yucatán
90%
Sinaloa
86%
Veracruz
86%
Sonora
85%
Nuevo León
83%
Oaxaca
83%
Guerrero
81%
Tamaulipas
81%
Campeche
79%
Tabasco
79%
Jalisco
78%
Puebla
78%
Colima
76%
Durango
76%
Quintana Roo
76%
San Luis Potosí
76%
Aguascalientes
75%
Chiapas
75%
Zacatecas
75%
Nayarit
74%
Coahuila
73%
México
71%
Guanajuato
69%
Michoacán
68%
Hidalgo
67%
Tlaxcala
64%
Morelos
63%
Querétaro
62%

Distribución de puntuación

Porcentaje por número respondido

Porcentaje de gente con cada puntuación

Historial de tus puntuaciones

No has intentado esta prueba.